zpět

Detail výsledku týmu

Koupák, Neratovice

Datum a čas kvízu

30 Celkem bodů Celkový počet nahraných bodů na tomto kvízu bez doplňovacích otázek.
4. Pořadí na kvízu Konečné umístění týmu na tomto kvízu.

Zaznamenané odpovědi

# Otázka Odpověď Body Výsledky
1. Doufáme, že jste ve čtvrtek ne... Speed Marathon 0
2. Obchod se suvenýry v rezidenci... C 1
3. Ve čtvrtek měl premiéru český... Kryštof Hádek, Vladimír Pokorný 0.5
4. Jeden český státní podnik, kte... České dráhy 1
5. Jedna z nejlepších tenistek so... Ashleigh Bartyová 0
6. Budeme se zabývat pěti filmy,... Elijah Wood, Pán prstenů: Dvě věže 0
7. Snímek Pan Jones z roku 2019 v... Agnieszka Holland 0
8. Paní Wilberforceová je výstřed... Lupiči paní domácí 0
9. Satirická komedie Zdeňka Podsk... C) Irena Kačírková 1
10. V roce 2009 vznikl animovaný f... Lišák 0